O gigante egoista (Registo nº 2147)

Detalhes MARC
000 -Etiqueta do registo
Cabeçalho 00986nam a22003251 4500
005 - Identificador da versão
Campo de controlo 20240813121926.0
095 ## -
-- PTBN00259090
010 ## - Número internacional normalizado dos livros (ISBN)
Número (ISBN) 9724300897
021 ## - Número do Depósito Legal
Código do país PT
Número 35676/90
100 ## - Dados gerais de processamento
Dados gerais de processamento 19990916d1990 d y0pory5003 ba
102 ## - Pais de publicação ou produção
País de publicação Portugal
101 1# - Língua de publicação
Língua do texto, banda sonora, etc. Português
Língua do documento no original Alemão
106 ## - Campo de dados codificados: material textual
Dados codificados do material textual r
105 ## - Campo de dados codificados: livros
Dados codificados dos livros a z 000fy
215 ## - Descrição física 
Indicação específica da natureza do documento e extensão da espécie [23] p.
Outras indicações físicas il.
Dimensões 29 cm
200 1# - Titulo e menção de responsabilidade
Título próprio O gigante egoista
Primeira menção de responsabilidade Oscar Wilde, Lisbeth Zwerger
Outras menções de responsabilidade trad. Jorge Rocha
-- rev. Maria Alberta Menéres
225 2# - Colecção 
Título próprio da colecção Caleidoscópio
210 ## - Publicação, Distribuição, etc. 
Lugar da edição, distribuição, etc. Porto
Nome do editor, distribuidor, etc. Edinter
Data da publicação, distribuição, etc. 1990
304 ## - Notas relativas a título e menção de responsabilidade 
Texto da nota Tít. orig. : Der selbstsüchtige riese
606 ## - Nome comum usado como assunto
Número de registo de entrada de autoridade 0000001
Palavra de ordem Literatura estrangeira infantil
Subdivisão de assunto Conto
675 ## - Classificação Decimal Universal (CDU)
Notação 82-34
Edição
Língua da edição por
702 #1 - Nome de autor-pessoa física (responsabilidade secundária)
Número de registo de entrada de autoridade 0000929
Palavra de ordem Rocha
Outra parte do nome não tomada para palavra de ordem Jorge
Código de função Tradutor
Número de registo de entrada de autoridade 0000031
Palavra de ordem Menéres
Outra parte do nome não tomada para palavra de ordem Maria Alberta
Datas 1930-
Código de função Revisor
701 #1 - Nome de autor-pessoa física (co-responsabilidade principal)
Palavra de ordem Zwerger
Outra parte do nome não tomada para palavra de ordem Lisbeth
Código de função Autor / Co-autor
700 #1 - Nome de autor-pessoa física (responsabilidade principal)
Número de registo de entrada de autoridade 0000925
Palavra de ordem Wilde
Outra parte do nome não tomada para palavra de ordem Oscar
Datas 1854-1900
942 ## - Elementos de entrada adicionados (Koha)
Tipo de item no Koha Livro
Exemplares
Situação do levantamento Origin of item (home branch) (coded) Biblioteca de empréstimo Código de barras Cota Circulation type (not for loan) Tipo de documento Nota do exemplar Damaged status
  Biblioteca Escolar da Coca Maravilhas Biblioteca Escolar da Coca Maravilhas BECM4428/99 8EST WIL   Livro Sem mensagem